Historia de la Revolución Mexicana, periodo 1934-1940 : los artífices del cardenismo /

Revisión de la vida en México durante los sesenta primeros años del siglo XX. Se narran y definen las acciones económicas, políticas, sociales e intelectuales más influyentes y duraderas del período, y se ubica la Revolución Mexicana en el conjunto de las revoluciones del siglo XX. La obra en su edi...

Whakaahuatanga katoa

I tiakina i:
Ngā taipitopito rārangi puna kōrero
Kaituhi matua: González y González, Luis (autor)
Ētahi atu kaituhi: González y González, Luis (coordinación) (coordinación), Cosío Villegas, Daniel (dirección) (dirección)
Hōputu: Pukapuka
Reo:Pāniora
I whakaputaina: México : El Colegio de México, 1979, c1979
Ngā marau:
Ngā Tūtohu: Tāpirihia he Tūtohu
Kāore He Tūtohu, Me noho koe te mea tuatahi ki te tūtohu i tēnei pūkete!

MARC

LEADER 00000nam^a2200000^a^4500
001 000578695
005 20250521000000.0
009 20260310132514.156
020 |a 968-12-0018-7 
037 |a Acervo Xavier Clavigero 
041 |a ESP 
082 |a 972. 06  |b HIS V. 14 
100 |a González y González, Luis  |e (autor) 
240 1 1 |a [Historia de la Revolución Mexicana] 
240 1 1 |a [Historia de la Revolución Mexicana: 1934-1940] 
240 1 1 |a [Historia de la Revolución Mexicana: 1934-1940: los artífices del cardenismo] 
245 1 0 |a Historia de la Revolución Mexicana, periodo 1934-1940 :  |b los artífices del cardenismo /  |c L. González y González ; coord. de L. González y González ; dir. de D. Cosío Villegas. 
264 4 |a México :  |b El Colegio de México,  |c 1979, c1979 
300 |a 273 p. 
336 |a texto  |b txt  |2 rdacontenido 
337 |a sin mediación  |b n  |2 rdamedio 
338 |a volumen  |b nc  |2 rdasoporte 
520 |a Revisión de la vida en México durante los sesenta primeros años del siglo XX. Se narran y definen las acciones económicas, políticas, sociales e intelectuales más influyentes y duraderas del período, y se ubica la Revolución Mexicana en el conjunto de las revoluciones del siglo XX. La obra en su edición original se dividió en ocho periodos (de 1911 a 1960), estudiados en un total de veintitrés volúmenes, aunque los tres correspondientes al período inicial nunca fueron escritos, lo que mismo que el corresponidente al volumen 9. La segunda edición, en realidad una nueva versión de la primera, se organizó en ocho volúmenes no sólo de mayor grosor, sino con perspectivas historiográficas nuevas y resarciendo los contenidos faltantes de la primera edición. 
649 |a XX 
650 |a Cardenismo -  |x Historia -  |x Tema Principal 
650 |a Política -  |z México -  |x Historia -  |y Régimen Cardenista, 1934-1940 
650 |a México -  |x Historia -  |y Régimen Cardenista, 1934-1940 
650 |a México -  |x Historia -  |y 1910-1946 
650 |a México -  |x Historia -  |y Siglo XX 
700 |a González y González, Luis  |e (coordinación) 
700 |a Cosío Villegas, Daniel  |e (dirección) 
910 |a Fondo General 
920 |a Impresos - Libros 
930 |a Colección General 
905 |a 101 
901 |a 018260  |b IT1  |c ACC  |i D  |u 20250521 
901 |a 009530  |b IT1  |c ACC  |i D  |u 20250521 
901 |a 025084  |b IT1  |c ACC  |i D  |u 20250521 
902 |a https://opac.biblio.iteso.mx/vufind/Record/000578695